| 000 | 00784nam a2200217Ia 4500 | ||
|---|---|---|---|
| 999 |
_c39881 _d39881 |
||
| 001 | 6486 | ||
| 003 | GE_BSU | ||
| 005 | 20191009155136.0 | ||
| 008 | 181216s1956||||ge |||||||||||||| ||geo|| | ||
| 040 | _cGE_BSU | ||
| 041 | _ageo | ||
| 080 | _a821.353.1-31 ბ-45 | ||
| 100 |
_aბელიაშვილი, აკაკი _94491 |
||
| 245 |
_aუღელტეხილი : _bრომანი / _cაკაკი ბელიაშვილი ; რედ.ს. ჭილაია. |
||
| 264 |
_aთბილისი : _bსახელგამი ; _c1956. |
||
| 300 |
_a344 გვ. ; _c23 სმ. |
||
| 653 | _aუღელტეხილი | ||
| 653 | _aრომანი | ||
| 700 |
_aჭილაია, ს. _eრედაქტორი _94657 |
||
| 942 |
_cBK _2udc |
||